Normal view
MARC view
Entry Personal Name
001 - CONTROL NUMBER
- control field: 817133
003 - CONTROL NUMBER IDENTIFIER
- control field: OSt
005 - DATE AND TIME OF LATEST TRANSACTION
- control field: 20250804104749.0
008 - FIXED-LENGTH DATA ELEMENTS
- fixed length control field: 250804|| aca||aabn | a|a d
040 ## - CATALOGING SOURCE
- Original cataloging agency: OSt
- Transcribing agency: OSt
100 ## - HEADING--PERSONAL NAME
- Personal name: असवाल, हरेन्द्र सिंह
670 ## - SOURCE DATA FOUND
- Source citation: Work cat.: (OSt)1434489: असवाल, हरेन्द्र सिंह , हाशिए के लोग, 2024.
